History Quiz

Random History or Country Quiz

History's Greatest Monsters Quiz Stats

 Plays Quiz not verified by Sporcle

Score 0/34 Timer 10:00
0 Plays Today
Country Leader % Correct
GermanyAdolph Hitler
95%
Soviet UnionJoseph Stalin
91.3%
North KoreaPresident Kim Jong Il
81%
ItalyPrime Minister Benito Mussolini
77.7%
ChinaMao Tse-Tung
77.3%
Soviet UnionVladimir Lenin
76.2%
IraqPresident Saddam Hussein
75.2%
VietnamPresident Le Duan
70.7%
North KoreaPresident Kim Il Sung
66.6%
JapanEmperor Hirohito
59.8%
SpainFrancisco Franco
57.5%
North VietnamPresident Ho Chi Minh
53.2%
CambodiaPrime Minister Pol Pot
53%
UgandaPresident Idi Amin
51.5%
YugoslaviaPresident Josip Tito
43.9%
RussiaCzar Nicholas II
42.9%
GermanyKaiser Wilhelm II
35.5%
Country Leader % Correct
YugoslaviaPresident Slobodan Milosevic
35.1%
JapanPrime Minister Tojo Hideki
28.6%
TurkeyPresident Kemal Ataturk
27.5%
China/TaiwanPresident Chiang Kai-shek
25.3%
IndonesiaPresident Suharto
22.3%
Belgium/Congo Free StateKing Leopold II
22.2%
SudanPresident Omar al-Bashir
10.8%
PortugalPrime Minister Antonio de Salazar
10.4%
EthiopiaPresident Mengistu Haile Mariam
8.3%
PakistanPresident Yahya Khan
5%
RomaniaPrime Minister Ion Antonescu
4%
TurkeyEnver Pasha
3.7%
CroatiaAnte Pavelic
2.4%
RomaniaGheorghe Gheorghiu
1.3%
NigeriaPresident Yakubu Gowon
1.1%
AfghanistanPresident Babrak Karmal
1%
JapanPrime Minister Hirota Koki
0.9%

You're not logged in!

Compare scores with friends on all Sporcle quizzes.
OR
Log In

Show Comments

Extras

Top Quizzes Today


Score Distribution

Your Account Isn't Verified!

In order to create a playlist on Sporcle, you need to verify the email address you used during registration. Go to your Sporcle Settings to finish the process.

Report this User

Report this user for behavior that violates our Community Guidelines.

Details: